00570nam a2200205Ia 4500003000400000005001700004006001800021007000300039008004100042024001200083037001200095040002000107041001300127082002000140100002600160245010400186260004500290300001700335650001200352OSt20220918204346.0a|||||r|||| 00| 0ta220917b |||||||| |||| 00| 0 eng d a112,335 cTextual aARTScARTSbeng 2engaeng aV52:17.G<-E, M8 aDay Gerald Wayne 1945 0aGenoa's response to Byzantium 1155-1204 b commercial expansion and factionalism in a medieval city aUrbanabUniv of Illinois Press c1988 ax,196p.ccm. aHISTORY